| 000 | 00723nam a2200241 i 4500 | ||
|---|---|---|---|
| 001 | 34265 | ||
| 003 | ES-MaACL | ||
| 005 | 20250701212927.0 | ||
| 007 | t| | ||
| 008 | 030204m19771980sp ||||1| spa d | ||
| 100 | 1 |
_aBloch, Ernst. _929505 |
|
| 245 | 1 | 3 |
_aEl principio esperanza / _cErnst Bloch ; versión del alemán por Felipe González Vicen. |
| 250 | _a[1ª ed.]. | ||
| 260 |
_a[Madrid] : _bAguilar, _c[1977-1980] |
||
| 300 |
_a3 v. ; _c19 cm. |
||
| 490 | 1 | _aBiblioteca filosófica | |
| 650 | 4 |
_aEsperanza. _9163731 |
|
| 650 | 4 |
_aUtopías. _917719 |
|
| 700 | 1 |
_aGonzález Vicen, Felipe. _959017 |
|
| 830 | 0 | 0 |
_aBiblioteca filosófica _9179275 |
| 852 |
_aES-MaACL _jL-2531-3 _bR.96202 |
||
| 999 |
_c34265 _d34265 |
||